000 00709nam a2200265Ia 4500
005 20260302114659.0
008 008 260114s9999 xx 000 0 eng d
020 _a9798765129319
037 _aTextbook
040 _aCRL
040 _beng
040 _cCRL
041 _2eng
041 _aeng
084 _qCRL
100 _aRod Giblett
_91119429
245 0 _aWaking to Nature with Thoreau and Benjamin Or, Psychopolitical Ecology
260 _bBloomsbury
260 _bBloomsbury Academic
260 _c2025
650 _aLiterary Studies
856 _uhttps://doi.org/10.5040/9798765129319?locatt=label:secondary_bloomsburyCollections
942 _cEBOOK
999 _c1683461
_d1683461